|
|
|
|
| LEADER |
00000cas a2200000 a 4500 |
| 001 |
vtls010606885 |
| 003 |
SK-MaSNL |
| 005 |
20260228160040.0 |
| 008 |
251029d20142023xo qr p 0 0slo |
| 022 |
|
|
|a 1339-5394
|
| 040 |
|
|
|a SNK
|b slo
|c SNK
|e AACR2
|
| 041 |
0 |
|
|a slo
|
| 043 |
|
|
|a e-xo---
|
| 044 |
|
|
|a xo
|c SK
|
| 072 |
|
|
|a 27-78
|x Kresťanské združenia, spolky a organizácie. Rehoľné rády
|2 konspekt
|
| 080 |
|
|
|a 272-788
|2 2011
|
| 080 |
|
|
|a 272-784
|2 2011
|
| 080 |
|
|
|a 050
|2 2011
|
| 080 |
|
|
|a 27-789.64
|2 2011
|
| 080 |
|
|
|a 2(051)
|2 2011
|
| 210 |
0 |
|
|a Express Don Bosca
|
| 222 |
|
0 |
|a Express Don Bosca
|
| 245 |
0 |
0 |
|a Express don Bosca
|b magazín exallievov a priateľov dona Bosca
|
| 260 |
|
|
|a Bratislava
|b Združenie exallievov don Bosca na Slovensku
|c 2014-2023
|
| 300 |
|
|
|a 10 zv.
|c 24 cm
|
| 310 |
|
|
|a 4x ročne
|
| 362 |
0 |
|
|a Roč. I, č. 1 (2014)-roč. X, č. 1 (2023)
|
| 500 |
|
|
|a Šéfredaktori sa menia
|
| 500 |
|
|
|a Evidenčné číslo: EV 4912/14
|
| 500 |
|
|
|a V tiráži uvedený štvrťročník, ale v r. 2020 vyšli len 2 čísla a v r. 2021-2023 vyšlo len 1 číslo
|
| 610 |
2 |
7 |
|a Združenie exallievov don Bosca (Bratislava, Slovensko)
|2 SNKKA
|9 265844
|
| 650 |
0 |
7 |
|a saleziáni
|2 SNKPH
|9 29348
|
| 655 |
|
7 |
|a náboženské časopisy
|2 SNKPH
|9 70790
|
| 910 |
|
|
|a snk
|
| 999 |
|
|
|c 1249
|d 3179
|
| 952 |
|
|
|t č. 1-4
|a SNK
|b SNK
|y PREZ
|7 0
|p 17A1462122
|o snkČSC 4070/6/2019 D1
|i snk2022/2412
|8 0
|0 0
|1 0
|4 0
|d 2022-02-16
|l 0
|r 2026-02-21 20:11:16
|w 2026-02-21
|
| 952 |
|
|
|t č. 1-2
|a SNK
|b SNK
|y PREZ
|7 0
|p 17A1462123
|o snkČSC 4070/7/2020
|i snk2022/2413
|8 0
|0 0
|1 0
|4 0
|d 2022-02-16
|l 0
|r 2026-02-21 20:11:16
|w 2026-02-21
|
| 952 |
|
|
|t č. 1-2
|a SNK
|b SNK
|y PREZ
|7 0
|p 17A1556465
|o snkČSC 4070/7/2020 D1
|i snk2025/17345
|8 0
|0 0
|1 0
|4 0
|d 2025-10-29
|l 0
|r 2026-02-21 20:11:17
|w 2026-02-21
|
| 952 |
|
|
|t č. 1
|a SNK
|b SNK
|y PREZ
|7 0
|p 17A1556466
|o snkČSC 4070/8/2021
|i snk2025/17347
|8 0
|0 0
|1 0
|4 0
|d 2025-10-29
|l 0
|r 2026-02-21 20:11:17
|w 2026-02-21
|
| 952 |
|
|
|t č. 1
|a SNK
|b SNK
|y PREZ
|7 0
|p 17A1556467
|o snkČSC 4070/8/2021 D1
|i snk2025/17348
|8 0
|0 0
|1 0
|4 0
|d 2025-10-29
|l 0
|r 2026-02-21 20:11:17
|w 2026-02-21
|
| 952 |
|
|
|t č. 1
|a SNK
|b SNK
|y PREZ
|7 0
|p 17A1556468
|o snkČSC 4070/9/2022
|i snk2025/17352
|8 0
|0 0
|1 0
|4 0
|d 2025-10-29
|l 0
|r 2026-02-21 20:11:17
|w 2026-02-21
|
| 952 |
|
|
|t č. 1
|a SNK
|b SNK
|y PREZ
|7 0
|p 17A1556469
|o snkČSC 4070/9/2022 D1
|i snk2025/17353
|8 0
|0 0
|1 0
|4 0
|d 2025-10-29
|l 0
|r 2026-02-21 20:11:17
|w 2026-02-21
|
| 952 |
|
|
|t č. 1
|a SNK
|b SNK
|y PREZ
|7 0
|p 17A1556470
|o snkČSC 4070/10/2023
|i snk2025/17357
|8 0
|0 0
|1 0
|4 0
|d 2025-10-29
|l 0
|r 2026-02-21 20:11:17
|w 2026-02-21
|
| 952 |
|
|
|t č. 1
|a SNK
|b SNK
|y PREZ
|7 0
|p 17A1556471
|o snkČSC 4070/10/2023 D1
|i snk2025/17358
|8 0
|0 0
|1 0
|4 0
|d 2025-10-29
|l 0
|r 2026-02-21 20:11:17
|w 2026-02-21
|
| 952 |
|
|
|t č. 1-4
|a SNK
|b SNK
|y PREZ
|7 0
|p 17A1386613
|o snkČSC 4070/1/2014
|i snk2020/3192
|8 0
|0 0
|1 0
|4 0
|d 2020-02-11
|l 0
|r 2026-02-21 22:22:54
|w 2026-02-21
|
| 952 |
|
|
|t č. 1-4
|a SNK
|b SNK
|y PREZ
|7 0
|p 17A1386612
|o snkČSC 4070/1/2014 D1
|i snk2020/3201
|8 0
|0 0
|1 0
|4 0
|d 2020-02-11
|l 0
|r 2026-02-21 22:22:55
|w 2026-02-21
|
| 952 |
|
|
|t č. 1-4
|a SNK
|b SNK
|y PREZ
|7 0
|p 17A1386611
|o snkČSC 4070/2/2015
|i snk2020/3202
|8 0
|z Príl.: Biznis vizitky v č. 2, 3, 4
|0 0
|1 0
|4 0
|d 2020-02-11
|l 0
|r 2026-02-21 22:22:55
|w 2026-02-21
|
| 952 |
|
|
|t č. 1-4
|a SNK
|b SNK
|y PREZ
|7 0
|p 17A1386610
|o snkČSC 4070/2/2015 D1
|i snk2020/3209
|8 0
|z Príl.: Biznis vizitky v č. 2, 3, 4
|0 0
|1 0
|4 0
|d 2020-02-11
|l 0
|r 2026-02-21 22:22:55
|w 2026-02-21
|
| 952 |
|
|
|t č. 1-4
|a SNK
|b SNK
|y PREZ
|7 0
|p 17A1386609
|o snkČSC 4070/3/2016
|i snk2020/3213
|8 0
|z Príl.: Biznis vizitky v č. 1, 2, 3, 4
|0 0
|1 0
|4 0
|d 2020-02-11
|l 0
|r 2026-02-21 22:22:55
|w 2026-02-21
|
| 952 |
|
|
|t č. 1-4
|a SNK
|b SNK
|y PREZ
|7 0
|p 17A1386608
|o snkČSC 4070/3/2016 D1
|i snk2020/3216
|8 0
|z Príl.: Biznis vizitky v č. 1, 2, 3, 4
|0 0
|1 0
|4 0
|d 2020-02-11
|l 0
|r 2026-02-21 22:22:55
|w 2026-02-21
|
| 952 |
|
|
|t č. 1-4
|a SNK
|b SNK
|y PREZ
|7 0
|p 17A1432049
|o snkČSC 4070/6/2019
|i snk2020/18279
|8 0
|0 0
|1 0
|4 0
|d 2020-10-09
|l 0
|r 2026-02-21 22:23:11
|w 2026-02-21
|
| 952 |
|
|
|t č. 1-4
|a SNK
|b SNK
|y PREZ
|7 0
|p 17A1386607
|o snkČSC 4070/4/2017
|i snk2020/3249
|8 0
|z Príl.: Biznis vizitky v č. 1, 2, 3, 4
|0 0
|1 0
|4 0
|d 2020-02-12
|l 0
|r 2026-02-21 22:29:38
|w 2026-02-21
|
| 952 |
|
|
|t č. 1-4
|a SNK
|b SNK
|y PREZ
|7 0
|p 17A1386606
|o snkČSC 4070/4/2017 D1
|i snk2020/3250
|8 0
|0 0
|1 0
|4 0
|d 2020-02-12
|l 0
|r 2026-02-21 22:29:38
|w 2026-02-21
|
| 952 |
|
|
|t č. 1-4
|a SNK
|b SNK
|y PREZ
|7 0
|p 17A1386605
|o snkČSC 4070/5/2018
|i snk2020/3251
|8 0
|z Príl.: Biznis vizitky v č. 1, 2, 3, 4
|0 0
|1 0
|4 0
|d 2020-02-12
|l 0
|r 2026-02-21 22:29:38
|w 2026-02-21
|
| 952 |
|
|
|t č. 1-4
|a SNK
|b SNK
|y PREZ
|7 0
|p 17A1386604
|o snkČSC 4070/5/2018 D1
|i snk2020/3252
|8 0
|z Príl.: Biznis vizitky v č. 1, 2, 3, 4
|0 0
|1 0
|4 0
|d 2020-02-12
|l 0
|r 2026-02-21 22:29:38
|w 2026-02-21
|